Statistics for USA quiz

Click here to take the quiz!

General Stats

  • This quiz has been taken 37 times
  • The average score is 8 of 11

Answer Stats

QuestionAnswer% Correct
Death Valley is located in what U.S. state?California
86%
What is the tallest mountain in the United States?Mt. Mckinley
86%
What is the smallest U.S. state?Rhode Island
86%
Which is the largest state by area?Alaska
83%
In which state can you find the city of Tucson?Arizona
83%
Pierre is the capital of what U.S. state?South Dakota
80%
What state is bordered by Nebraska, Kansas, Oklahoma, New Mexico, Utah, and Wyoming?Colorado
69%
Which of the following states does NOT border the Great Lakes?Iowa
69%
What U.S. state boasts the following rivers: the Guadalupe, Trinity, Rio Grande, Brazos, and Colorado?Texas
69%
Lake Okeechobee is located in what U.S. state?Florida
57%
What is the longest river of USA?Missouri
34%

Score Distribution

Percentile by Number Answered

Percent of People with Each Score

Your Score History

You have not taken this quiz